000 00561nam a22001577a 4500
005 20231109143813.0
008 231109b |||||||| |||| 00| 0 eng d
041 _aEnglish
082 _a346.2 BAR
100 _aBarlow, TB
_lEnglish
245 _aThe South African Law of Vicarious Liability in Delict and A comparison of the Principles of Other Legal Systems /
_cTB Barlow
260 _aCape Town :
_bJuta and Company Ltd,
_c1939
300 _bxxiii, 195 pages ;
_c25 cm.
650 _aLegal practice
_bLaw
942 _cBK
_6ALISON_BN_VRIES
999 _c494
_d494